000 00502nam a2200193Ia 4500
005 20250423101145.0
008 250422s9999 xx 000 0 und d
020 _a9780750653434
050 _aNA1996 .G74/
100 _aRonald Green
245 4 _aThe architect's guide to running a job
250 _a6th ed.
260 _aOxford ; Boston
260 _bArchitectural Press
260 _c2001
300 _a159 p
650 _a Architectural practice--Handbooks, manuals, etc.
942 _cBK
999 _c35465
_d35465